00707nam a2200205Ia 4500952015500000999001500155003000400170005001700174008004100191020001800232040000900250082001800259100002400277245008200301250001300383260003900396300001000435650001400445942004200459 00102ddc40708Pharmacology & therapeutics aMESbMEScCHEd2019-02-20g1750.00l0o615.19 BEA/Op36006r2019-02-20 00:00:00w2019-02-20yBKzGL29R4 c3527d3527OSt20200821150853.0190216s9999||||xx |||||||||||||| ||und|| a9788184733969 coclc a615.19bBEA/O aBeale, John M94290 0aOrganic Medicinal And Pharmaceutical Chemistry /cJohn M Beale ; John H Block a12th Ed. bWolters Kluwer,c2011.aNew Delhi: a1010p aChemistry cBK2ddch615.19iBEA/Ok615.19mBEA/O